Tuân Tử

Nội dung sách trình bày lược truyện Tuân Tử, ảnh hưởng các tư trào đối với Tuân học, quan niệm trời, tính sác, bàn về lòng dục, bàn về lễ, bàn về nhạc, bàn về chính trị, bàn về tri thức, bàn về danh......

Szczegółowa specyfikacja

Zapisane w:
Opis bibliograficzny
1. autor: Nguyễn Hiến Lê
Kolejni autorzy: Giản Chi
Format: Książka
Język:Vietnamese
Wydane: H. Hồng Đức 2021
Seria:Bách gia tranh minh
Hasła przedmiotowe:
Etykiety: Dodaj etykietę
Nie ma etykietki, Dołącz pierwszą etykiete!
Thư viện lưu trữ: Thư viện Trường Đại học Nam Cần Thơ
LEADER 01072nam a22002177a 4500
001 NCT_89872
008 210508b xxu||||| |||| 00| 0 vie d
999 |c 4433  |d 4433 
020 |a 9786043214482  |c 188000 
082 0 4 |2 23rd ed.  |a 181.11  |b L250 
100 1 |a Nguyễn Hiến Lê 
245 1 0 |a Tuân Tử  |c Nguyễn Hiến Lê, Giản Chi 
260 |a H.  |b Hồng Đức  |c 2021 
300 |a 413 tr.  |c 21cm 
490 0 |a Bách gia tranh minh 
520 3 |a Nội dung sách trình bày lược truyện Tuân Tử, ảnh hưởng các tư trào đối với Tuân học, quan niệm trời, tính sác, bàn về lòng dục, bàn về lễ, bàn về nhạc, bàn về chính trị, bàn về tri thức, bàn về danh... 
653 |a Tham khảo 
700 0 |a Giản Chi 
942 |2 ddc  |c BK 
952 |0 0  |1 0  |2 ddc  |4 0  |6 181_110000000000000_L250  |7 0  |9 21241  |a 000001  |b 000001  |d 2021-05-08  |o 181.11 L250  |p TK.02382  |r 2021-05-08  |v 188000.00  |w 2021-05-08  |y BK 
980 |a Thư viện Trường Đại học Nam Cần Thơ